| 000 | 00677nam a2200169 a 4500 | ||
|---|---|---|---|
| 005 | 20150113093811.0 | ||
| 008 | 140217b2009 ck ||||| |||| 00| 0 spa d | ||
| 040 |
_aCO-BoIAVH _cCO-BoIAVH |
||
| 041 | _aspa | ||
| 044 | _ack | ||
| 090 |
_aIAVH _b01363 |
||
| 100 |
_aPedraza Peñaloza, Carlos Alberto _95327 |
||
| 245 | _aDefinición, selección y distribución espacial de objetos de conservación de filtro fino (especies) es esquema de monitoreo y apoyo en la discusión de amenazas, lineamiento y mejores prácticas y apoyo en la aplicación de la metodología sobre equivalencias y compensaciones | ||
| 260 |
_aBogotá _bIAVH _c2009 |
||
| 300 | _a66 h. | ||
| 942 |
_cINFORME _2z |
||
| 999 |
_c7066 _d7066 |
||